=LDR 00000nam 2200000 4500 =001 INLIS000000000058270 =005 20210909070209 =035 ##$$a 0010-0921000074 =007 ta =008 210909###########################0#ind## =020 ##$$a 979-407-218-4 =082 ##$$a 899.221 3 =084 ##$$a 899.221 3 Idr d =245 1#$$a Dari Ave Maria de Jalan Lain Ke Roma /$c Idrus =300 ##$$a ix,176 halaman ; $c 21 cm =650 #4$$a Fiksi Indonesia =264 ##$$a jakarta :$b Pusat Bahasa kementerian Pendidikan Nasional RI,$c 2010 =336 ##$$a teks$2 rdacontent =337 ##$$a lain-lain$2 rdamedia =338 ##$$a laia-lain$2 rdacarrier =990 ##$$a 08590859 =990 ##$$a 08590859 =990 ##$$a 08590859 =990 ##$$a 08590859